Unit operations of sanitary engineering (Record no. 24058)

000 -LEADER
fixed length control field 00505nam a22001931a 4500
001 - CONTROL NUMBER
control field 24058
003 - CONTROL NUMBER IDENTIFIER
control field BD-DhUET
008 - FIXED-LENGTH DATA ELEMENTS--GENERAL INFORMATION
fixed length control field 750916s1961 nyua b 001 0 eng
040 ## - CATALOGING SOURCE
Original cataloging agency DLC
Transcribing agency FMU
Modifying agency BD-DhUET
082 ## - DEWEY DECIMAL CLASSIFICATION NUMBER
Classification number 628
Item number RIC/1961
100 ## - MAIN ENTRY--PERSONAL NAME
Personal name Rich, Linvil G.
245 10 - TITLE STATEMENT
Title Unit operations of sanitary engineering
250 ## - EDITION STATEMENT
Edition statement 1st ed.
260 ## - PUBLICATION, DISTRIBUTION, ETC. (IMPRINT)
Place of publication, distribution, etc. New York
Name of publisher, distributor, etc. John Wiley
Date of publication, distribution, etc. 1961
300 ## - PHYSICAL DESCRIPTION
Extent xi, 308 p.
Other physical details ill.
Dimensions 24 cm.
504 ## - BIBLIOGRAPHY, ETC. NOTE
Bibliography, etc Includes bibliographies
650 #0 - SUBJECT ADDED ENTRY--TOPICAL TERM
Topical term or geographic name as entry element Sanitary Engineering
942 ## - ADDED ENTRY ELEMENTS (KOHA)
Koha item type General Book
Holdings
Sublocation or collection (holding branch) Damaged status Price effective from Date acquired Shelving location Copy number Location (home branch) Lost status Piece designation (barcode) Not for loan Koha date last seen Withdrawn status Koha full call number Source of classification or shelving scheme Koha item type Koha normalized classification for sorting
Central Library, BUET 2015-05-062015-05-06Circulation section1Central Library, BUET 25023 2015-05-06 628/RIC/1961 General Book628_000000000000000_RIC_1961
Central Library, BUET 2015-05-072015-05-07Circulation section2Central Library, BUET 11959 2015-05-07 628/RIC/1961 General Book628_000000000000000_RIC_1961
Central Library, BUET 2015-05-092015-05-09Circulation section3Central Library, BUET 20121 2015-05-09 628/RIC/1961 General Book628_000000000000000_RIC_1961
Central Library, BUET 2015-05-092015-05-09Circulation section4Central Library, BUET 14703 2015-05-09 628/RIC/1961 General Book628_000000000000000_RIC_1961
Central Library, BUET 2015-05-092015-05-09Circulation section5Central Library, BUET 25024 2015-05-09 628/RIC/1961 General Book628_000000000000000_RIC_1961
Central Library, BUET 2015-05-092015-05-09Circulation section6Central Library, BUET 20120 2015-05-09 628/RIC/1961 General Book628_000000000000000_RIC_1961